| 000 -LEADER | |
|---|---|
| fixed length control field | 00472nam a22001697a 4500 |
| 005 - DATE AND TIME OF LATEST TRANSACTION | |
| control field | 20210906130820.0 |
| 008 - FIXED-LENGTH DATA ELEMENTS--GENERAL INFORMATION | |
| fixed length control field | 200317b xxu||||| |||| 00| 0 eng d |
| 020 ## - INTERNATIONAL STANDARD BOOK NUMBER | |
| ISBN | 9789387964204 |
| 041 ## - LANGUAGE CODE | |
| Language code of text/sound track or separate title | eng |
| 082 ## - DEWEY DECIMAL CLASSIFICATION NUMBER | |
| Classification number | 615.19 |
| 100 ## - MAIN ENTRY--AUTHOR NAME | |
| Personal name | PAKLE,AMRITA |
| 245 ## - TITLE STATEMENT | |
| Title | VIVA- VOICE IN INORGANIC CHEMISTRY FOR B.PHARMA,D.PHARMA --- |
| Statement of responsibility, etc | AMRITA,PARLE |
| 260 ## - PUBLICATION, DISTRIBUTION, ETC. (IMPRINT) | |
| Place of publication | NEW DELHI |
| Name of publisher | CBS PUBLISHERS AND DISTRIBUTORS |
| Year of publication | 2019 |
| 300 ## - PHYSICAL DESCRIPTION | |
| Number of Pages | 138 P. |
| 650 ## - SUBJECT ADDED ENTRY--TOPICAL TERM | |
| Topical Term | PHARMACY |
| 942 ## - ADDED ENTRY ELEMENTS (KOHA) | |
| Koha item type | Books |
| Lost status | Damaged status | Collection code | Home library | Current library | Shelving location | Date acquired | Full call number | Accession Number | Koha item type | Source of acquisition |
|---|---|---|---|---|---|---|---|---|---|---|
| Reference | JRU Library | JRU Library | SHELF-5-A | 17/03/2020 | 615.19 | 23756 | Books | |||
| PHARMACY | JRU Library | JRU Library | SHELF - 16 - J | 17/03/2020 | 615.19 | 23757 | Books | PURCHASE | ||
| PHARMACY | JRU Library | JRU Library | SHELF-17-E | 17/03/2020 | 615.19 | 23758 | Books | PURCHASE | ||
| PHARMACY | JRU Library | JRU Library | SHELF-17-E | 17/03/2020 | 615.19 | 23759 | Books | PURCHASE | ||
| PHARMACY | JRU Library | JRU Library | SHELF-17-E | 17/03/2020 | 615.19 | 23760 | Books | PURCHASE |